[Event "Elit(LASK-Manhem)"]
[Site "?"]
[Date "2013.02.02"]
[Round "5"]
[White "Welin, Mats"]
[Black "Skytte Hagen, Andreas"]
[Result "1-0"]
[WhiteElo "2346"]
[BlackElo "2469"]
[PlyCount "89"]
[EventDate "2013.??.??"]

1. e4 e5 2. Nf3 Nc6 3. Bb5 Nf6 4. O-O Nxe4 5. d4 Nd6 6. Bxc6 dxc6 7. dxe5 Nf5
8. Qxd8+ Kxd8 9. Nc3 Bd7 10. Rd1 Kc8 11. Ng5 Be8 12. b3 b6 13. Bb2 Be7 14. Nge4
Kb7 15. Rd3 Rd8 16. Rad1 Kc8 17. h3 h5 18. g3 Rxd3 19. Rxd3 Bd8 20. Ne2 c5 21.
c4 Bd7 22. Nf4 a5 23. f3 Nd4 24. Bxd4 cxd4 25. Rxd4 g5 26. Nd5 Bxh3 27. Ndf6
Bxf6 28. exf6 Bf5 29. Nxg5 Rg8 30. Nxf7 Rxg3+ 31. Kf2 Rg6 32. Rd8+ Kb7 33. Nd6+
cxd6 34. f7 Rf6 35. f8=Q Rxf8 36. Rxf8 Bb1 37. a3 Ba2 38. b4 axb4 39. axb4 Bxc4
40. Rh8 Kc6 41. Rxh5 d5 42. Ke3 Kb5 43. f4 Kxb4 44. Kd4 Kb5 45. Rh6 1-0

[Event "Elit(LASK-Manhem)"]
[Site "?"]
[Date "2013.02.02"]
[Round "5"]
[White "Olsson, Linus"]
[Black "Berggren Torell, Harald"]
[Result "1/2-1/2"]
[WhiteElo "2317"]
[BlackElo "2243"]
[PlyCount "87"]
[EventDate "2013.??.??"]

1. d4 f5 2. g3 Nf6 3. Bg2 e6 4. Nf3 d5 5. c4 c6 6. O-O Bd6 7. b3 Qe7 8. a4 a5
9. Ba3 Bxa3 10. Nxa3 b6 11. cxd5 exd5 12. Ne5 Bb7 13. Qb1 O-O 14. Rc1 Ne4 15.
f3 Nc5 16. f4 Ne4 17. Qb2 Rf6 18. Nc2 Na6 19. Ne1 Rc8 20. N1d3 h5 21. Nf2 Kh7
22. Nxe4 dxe4 23. h4 Nb4 24. e3 Ba6 25. Bf1 Bxf1 26. Kxf1 Nd3 27. Nxd3 exd3 28.
Qd2 Qe4 29. Kf2 c5 30. Rc4 Rfc6 31. dxc5 Rxc5 32. Rxe4 fxe4 33. Qd1 Rc2+ 34.
Kg1 g6 35. Rb1 d2 36. Kf2 Rc1 37. Qxd2 R8c2 38. Rxc1 Rxd2+ 39. Kf1 Rd3 40. Ke2
Rxb3 41. Rc7+ Kh6 42. Rb7 Rb2+ 43. Kf1 Rb3 44. Kf2 1/2-1/2

[Event "Elit(Limhamn-Manhem)"]
[Site "?"]
[Date "2013.02.03"]
[Round "6"]
[White "Nithander, Victor"]
[Black "Brynell, Stellan"]
[Result "1/2-1/2"]
[WhiteElo "2532"]
[BlackElo "2542"]
[PlyCount "71"]
[EventDate "2013.??.??"]
[SourceDate "2013.02.03"]

1. e4 e6 2. d4 d5 3. Nd2 c5 4. Ngf3 a6 5. exd5 exd5 6. dxc5 Bxc5 7. Be2 Nf6 8.
O-O O-O 9. Nb3 Bb6 10. Nfd4 Nc6 11. Bg5 Re8 12. Bf3 Qd6 13. Nxc6 bxc6 14. Re1
Rxe1+ 15. Qxe1 Bf5 16. Bxf6 Qxf6 17. c3 Qe6 18. Qf1 a5 19. Re1 Qd7 20. Qe2 h6
21. Qe5 Qe6 22. Nd4 Qxe5 23. Rxe5 Bd7 24. Re2 Kf8 25. g3 Rb8 26. Rd2 Ke7 27.
Kg2 Bxd4 28. cxd4 Kd6 29. Kf1 Re8 30. Re2 c5 31. dxc5+ Kxc5 32. Rxe8 Bxe8 33.
Ke2 Bb5+ 34. Kd2 d4 35. Bd1 Bc4 36. a3 1/2-1/2

[Event "Elit(Limhamn-Manhem)"]
[Site "?"]
[Date "2013.02.03"]
[Round "6"]
[White "Ahlander, Bjorn"]
[Black "Moberg, Karl Johan"]
[Result "1-0"]
[WhiteElo "2518"]
[BlackElo "2348"]
[PlyCount "67"]
[EventDate "2013.??.??"]
[SourceDate "2013.02.03"]

1. d4 Nf6 2. c4 g6 3. Nc3 d5 4. cxd5 Nxd5 5. Na4 e5 6. a3 Nc6 7. dxe5 Bf5 8.
Nf3 Qd7 9. g3 O-O-O 10. Bg2 Qe8 11. Bd2 Nxe5 12. Nxe5 Qxe5 13. O-O Be4 14. Bh3+
Bf5 15. Bxf5+ Qxf5 16. Rc1 h5 17. Qc2 Qxc2 18. Rxc2 f5 19. Re1 Re8 20. Ba5 Rh7
21. Rd1 Rd7 22. Rd3 Red8 23. f3 b6 24. Bd2 Nf6 25. Rxd7 Rxd7 26. Bg5 Nh7 27.
Bf4 Bd6 28. Bxd6 Rxd6 29. Nc3 Kb7 30. e4 fxe4 31. Nxe4 Rd1+ 32. Kf2 Nf8 33. Re2
Nd7 34. f4 1-0

[Event "Elit(Limhamn-Manhem)"]
[Site "?"]
[Date "2013.02.03"]
[Round "6"]
[White "Winsnes, Rikard"]
[Black "Johansson, Linus"]
[Result "1/2-1/2"]
[WhiteElo "2498"]
[BlackElo "2385"]
[PlyCount "49"]
[EventDate "2013.??.??"]

1. e4 Nc6 2. Nf3 Nf6 3. e5 Ng4 4. d4 d6 5. h3 Nh6 6. exd6 Qxd6 7. d5 Ne5 8. Nc3
Bd7 9. Bf4 Nd3+ 10. Bxd3 Qxf4 11. O-O O-O-O 12. Re1 g5 13. Ne5 Bg7 14. Re4 Qf6
15. Nxd7 Rxd7 16. Qe2 a6 17. Re1 Nf5 18. Qh5 Nd4 19. R4e3 h6 20. Ne4 Qg6 21.
Qd1 Qb6 22. c3 Nf5 23. Rf3 Rxd5 24. c4 Re5 25. Nxg5 1/2-1/2

[Event "Elit(Limhamn-Manhem)"]
[Site "?"]
[Date "2013.02.03"]
[Round "6"]
[White "Jepson, Christian"]
[Black "Welin, Mats"]
[Result "1/2-1/2"]
[WhiteElo "2472"]
[BlackElo "2346"]
[PlyCount "102"]
[EventDate "2013.??.??"]
[SourceDate "2013.02.04"]

1. d4 Nf6 2. c4 e6 3. Nc3 Bb4 4. e3 O-O 5. Bd3 d5 6. Nf3 c5 7. O-O Nc6 8. a3
Bxc3 9. bxc3 Qc7 10. Bb2 dxc4 11. Bxc4 e5 12. h3 Bf5 13. Rc1 Rad8 14. Qe2 Rfe8
15. Rfd1 e4 16. Nd2 Ne7 17. Bb5 Rf8 18. c4 Ng6 19. d5 Qe7 20. f4 exf3 21. Qxf3
Bc8 22. e4 Ne8 23. Re1 Qg5 24. Bc3 Nh4 25. Qf2 Bxh3 26. Re3 Bg4 27. Bxe8 Rdxe8
28. Rce1 f6 29. Rg3 Qh5 30. Qxc5 f5 31. Qd4 Rf7 32. Rf1 Ref8 33. e5 f4 34. e6
fxg3 35. exf7+ Rxf7 36. Rxf7 Qxf7 37. Ne4 Nf5 38. Qxa7 h6 39. Qb8+ Kh7 40. Qf4
Qh5 41. Nxg3 Nxg3 42. Qxg3 Qg6 43. Qe5 Bf5 44. Kf2 Bd3 45. Qd4 Be4 46. g3 Qg4
47. Ke3 Qf3+ 48. Kd2 Qg2+ 49. Ke3 Qf3+ 50. Kd2 Qg2+ 51. Ke3 Qf3+ 1/2-1/2

[Event "Elit(Limhamn-Manhem)"]
[Site "?"]
[Date "2013.02.03"]
[Round "6"]
[White "Akesson, Joel"]
[Black "Lindgren, Philip"]
[Result "1-0"]
[WhiteElo "2348"]
[BlackElo "2352"]
[PlyCount "97"]
[EventDate "2013.??.??"]

1. d4 d5 2. Nf3 Nf6 3. c4 c6 4. e3 Bf5 5. cxd5 cxd5 6. Qb3 Qc7 7. Bd2 e6 8.
Bb5+ Nfd7 9. O-O Nc6 10. Rc1 Rc8 11. Qa4 Bd6 12. Bxc6 bxc6 13. Bb4 O-O 14. Nbd2
Bxb4 15. Qxb4 Qb6 16. Qe7 Rc7 17. b4 Ne5 18. Qd6 Nd3 19. Rcb1 h6 20. Rb3 Rb7
21. a3 Rd8 22. Qg3 Qa6 23. Rbb1 Qb5 24. Nb3 Rbb8 25. Rf1 Nb2 26. Ne5 Nc4 27.
Rfc1 f6 28. Nxc4 dxc4 29. Na5 Bd3 30. Qc7 Rbc8 31. Qxa7 Qg5 32. Qe7 Re8 33. Qd6
e5 34. Kh1 Be4 35. f3 Rcd8 36. Qc5 Bd3 37. Nxc6 Qxe3 38. Nxd8 Rxd8 39. dxe5
Qxc5 40. bxc5 fxe5 41. a4 Rc8 42. a5 Rxc5 43. a6 Rc8 44. Kg1 Kf7 45. Kf2 Ke6
46. Ke3 Kd6 47. a7 Ra8 48. Ra5 Kc6 49. Rca1 1-0

[Event "Elit(Limhamn-Manhem)"]
[Site "?"]
[Date "2013.02.03"]
[Round "6"]
[White "Schneider, Stefan"]
[Black "Kinnmark, Ove"]
[Result "1-0"]
[WhiteElo "2410"]
[BlackElo "2252"]
[PlyCount "115"]
[EventDate "2013.??.??"]

1. d4 Nf6 2. c4 e6 3. Nf3 Bb4+ 4. Nbd2 O-O 5. a3 Bxd2+ 6. Bxd2 d6 7. Qc2 Qe7 8.
Bg5 e5 9. e3 Re8 10. Be2 Nbd7 11. O-O Nf8 12. dxe5 dxe5 13. Nd2 h6 14. Bh4 Ng6
15. Bg3 Bd7 16. b4 Rad8 17. Rfd1 Bc8 18. h3 Nh7 19. Bd3 Nhf8 20. Be4 Kh8 21. c5
Qe6 22. Bf3 f5 23. Bh2 Qf6 24. Be2 Bd7 25. b5 Bc8 26. a4 Rd5 27. Nb3 Red8 28.
Rxd5 Rxd5 29. Bc4 Rd8 30. Rd1 Qe7 31. a5 b6 32. axb6 axb6 33. Rxd8 Qxd8 34. c6
f4 35. Kf1 f3 36. gxf3 Bxh3+ 37. Ke2 Qf6 38. Nd2 Nh4 39. Qe4 Nhg6 40. Bd3 Qg5
41. Nc4 Qg2 42. Bg3 Qf1+ 43. Kd2 Qa1 44. Nxe5 Qa2+ 45. Bc2 Qa5+ 46. Kc1 Qa1+
47. Kd2 Qa5+ 48. Kc1 Qa1+ 49. Bb1 Qa3+ 50. Kd1 Nxe5 51. Bxe5 Be6 52. Qd3 Bb3+
53. Bc2 Bxc2+ 54. Kxc2 Qa2+ 55. Kd1 Ne6 56. Ke1 Qa5+ 57. Kf1 Kg8 58. Qd5 1-0

[Event "Elit(Limhamn-Manhem)"]
[Site "?"]
[Date "2013.02.03"]
[Round "6"]
[White "Berggren Torell, Harald"]
[Black "Eklund, Joel"]
[Result "1/2-1/2"]
[WhiteElo "2243"]
[BlackElo "2259"]
[PlyCount "122"]
[EventDate "2013.??.??"]

1. e4 c5 2. Nf3 e6 3. d3 Nc6 4. g3 g6 5. Bg5 Qc7 6. Bg2 Bg7 7. c3 Nge7 8. O-O
d5 9. Na3 O-O 10. Nc2 h6 11. Bd2 e5 12. Qc1 dxe4 13. dxe4 Kh7 14. Ne3 Be6 15.
Qc2 Rfd8 16. Rfd1 Rd7 17. Bf1 Rad8 18. Bc4 Na5 19. Bxe6 fxe6 20. Be1 Rf8 21.
Nd2 h5 22. Nec4 Nxc4 23. Nxc4 Rfd8 24. Rxd7 Qxd7 25. a4 Nc6 26. f3 Bh6 27. Bf2
b6 28. Kg2 Kg7 29. Rf1 Kf7 30. Qb3 Qd3 31. Qb5 h4 32. gxh4 Bf4 33. Re1 g5 34.
hxg5 Bxg5 35. Ne3 Qxb5 36. axb5 Na5 37. Re2 Bf4 38. b4 cxb4 39. cxb4 Nb3 40.
Ra2 Rd7 41. Ng4 Kg6 42. Be3 Rc7 43. Bxf4 exf4 44. Ne5+ Kf6 45. Nc6 Rg7+ 46. Kf1
Rd7 47. Nxa7 Rd1+ 48. Kg2 Nd4 49. Nc8 Rb1 50. Nxb6 Rxb4 51. Rd2 Nxb5 52. Nd7+
Kg5 53. Kh3 Nd4 54. Ne5 Kf6 55. Ng4+ Kg5 56. Ne5 Kf6 57. Nd3 Nxf3 58. Rf2 Ng5+
59. Kg4 Rxe4 60. h4 Nf7 61. Rxf4+ Rxf4+ 1/2-1/2

[Event "Elit(LASK-Orgryte)"]
[Site "?"]
[Date "2013.02.03"]
[Round "6"]
[White "Frisk Kockum, Anton"]
[Black "Semcesen, Daniel"]
[Result "0-1"]
[WhiteElo "2408"]
[BlackElo "2539"]
[PlyCount "78"]
[EventDate "2013.??.??"]
[SourceDate "2013.02.04"]

1. d4 d5 2. Nf3 Nf6 3. e3 Bg4 4. c4 c6 5. Nc3 e6 6. h3 Bh5 7. g4 Bg6 8. Ne5
Nbd7 9. Nxg6 hxg6 10. Bd2 Bb4 11. cxd5 exd5 12. Bg2 Nb6 13. Ne4 Nxe4 14. Bxb4
a5 15. Bc5 Nxc5 16. dxc5 Nd7 17. Qd4 O-O 18. O-O Qe7 19. Rac1 f5 20. Rc3 Rf7
21. Rfc1 fxg4 22. Qxg4 g5 23. Qg3 Raf8 24. Qd6 Qe8 25. Qg6 Ne5 26. Qh5 Qe7 27.
e4 d4 28. Rg3 g4 29. hxg4 g6 30. Qh1 Rxf2 31. Rh3 Qg7 32. Rf1 Nxg4 33. Rf3
R8xf3 34. Bxf3 Rh2 35. Bxg4 Rxh1+ 36. Kxh1 Qe5 37. Re1 Qg3 38. Be6+ Kg7 39. Re2
Qf3+ 0-1

[Event "Elit(LASK-Orgryte)"]
[Site "?"]
[Date "2013.02.03"]
[Round "6"]
[White "Tikkanen, Hans"]
[Black "Ziegler, Ari"]
[Result "1-0"]
[WhiteElo "2642"]
[BlackElo "2436"]
[PlyCount "67"]
[EventDate "2013.??.??"]

1. d4 Nf6 2. c4 g6 3. Nc3 Bg7 4. e4 d6 5. h3 O-O 6. Be3 e5 7. d5 a5 8. c5 Na6
9. cxd6 cxd6 10. Nf3 Nc5 11. Nd2 Nfd7 12. Nc4 Qe7 13. Rc1 f5 14. exf5 gxf5 15.
Nb5 Ne4 16. Bd3 f4 17. Bb6 Nxb6 18. Nxb6 Nxf2 19. Kxf2 e4 20. Qe1 Bf5 21. Nxa8
e3+ 22. Ke2 Bxd3+ 23. Kxd3 Qe8 24. Nac7 Qg6+ 25. Kc4 Qe4+ 26. Kb3 a4+ 27. Ka3
Qxg2 28. Nc3 b5 29. N7xb5 Rb8 30. Qf1 Qg5 31. Rg1 Qf6 32. Qf3 Kh8 33. Rg4 Rxb5
34. Rxf4 1-0

[Event "Elit(LASK-Orgryte)"]
[Site "?"]
[Date "2013.02.03"]
[Round "6"]
[White "Gajic, Mladen"]
[Black "Skytte Hagen, Andreas"]
[Result "1/2-1/2"]
[WhiteElo "2300"]
[BlackElo "2469"]
[PlyCount "75"]
[EventDate "2013.??.??"]

1. b3 e5 2. Bb2 Nc6 3. e3 Nf6 4. c4 d5 5. cxd5 Nxd5 6. a3 Bd6 7. Qc2 O-O 8. Nf3
h6 9. Bb5 Nde7 10. Nc3 f5 11. d4 exd4 12. exd4 f4 13. O-O-O Bf5 14. Bd3 Qd7 15.
Ne4 Rad8 16. Ne5 Qe8 17. g4 Be6 18. g5 h5 19. Rhg1 Kh8 20. g6 Bxe5 21. dxe5 Nd4
22. Bxd4 Rxd4 23. Ng5 Qd7 24. Bc4 Bxc4 25. bxc4 Kg8 26. Qe2 Rd8 27. Qxh5 Rxc4+
28. Kb2 Qb5+ 29. Ka1 Qxe5+ 30. Kb1 Qb5+ 31. Ka1 Qe5+ 32. Kb1 Qf5+ 33. Ka1 Qf6+
34. Kb1 Qb6+ 35. Ka1 Qf6+ 36. Kb1 Qb6+ 37. Ka1 Qf6+ 38. Kb1 1/2-1/2

[Event "Elit(LASK-Orgryte)"]
[Site "?"]
[Date "2013.02.03"]
[Round "6"]
[White "Eksmyr, Johan"]
[Black "Smith, Axel"]
[Result "1/2-1/2"]
[WhiteElo "2216"]
[BlackElo "2515"]
[PlyCount "143"]
[EventDate "2013.??.??"]

1. d4 Nf6 2. c4 g6 3. g3 Bg7 4. Bg2 O-O 5. Nc3 d6 6. Nf3 Nbd7 7. O-O c6 8. e4
e5 9. d5 Nc5 10. Ne1 cxd5 11. cxd5 a5 12. Nc2 Bd7 13. f3 a4 14. Rb1 Qa5 15. Be3
Rfc8 16. Rf2 Na6 17. Qe1 Rab8 18. Bf1 b5 19. a3 Nc5 20. Nb4 Nb3 21. Bd3 Bf8 22.
Bc2 Nc5 23. Qf1 Be7 24. h3 Nh5 25. Qg2 Qd8 26. Ne2 Rb7 27. Rbf1 Na6 28. Bd3
Nxb4 29. axb4 Ra8 30. Ra1 Bf6 31. Kh2 Qe8 32. Rff1 Bg7 33. Rfc1 Rc8 34. Rxc8
Qxc8 35. Rc1 Qd8 36. Rc3 f5 37. Bd2 Qf8 38. Rc2 fxe4 39. Bxe4 Ra7 40. Qf2 Qb8
41. Qe3 Nf6 42. Rc3 Kf8 43. g4 Nxe4 44. Qxe4 Rc7 45. Ng3 Rxc3 46. Bxc3 Bh6 47.
Ne2 Qa7 48. Kg2 a3 49. bxa3 Qxa3 50. h4 Qa2 51. Kg3 Be8 52. f4 Bf7 53. fxe5
Bxd5 54. Qd3 Bc4 55. Qd4 Qxe2 56. exd6 Qe3+ 57. Qxe3 Bxe3 58. d7 Bb6 59. Bf6
Bc7+ 60. Kf2 Be6 61. d8=Q+ Bxd8 62. Bxd8 Bxg4 63. Kg3 Bc8 64. Kf4 Kg7 65. Ke5
Kh6 66. Kf4 Kh5 67. Bg5 h6 68. Bf6 Be6 69. Be7 Bc4 70. Bf6 Be6 71. Be7 Bc4 72.
Bf6 1/2-1/2

[Event "Elit(LASK-Orgryte)"]
[Site "?"]
[Date "2013.02.03"]
[Round "6"]
[White "Dragicevic, Drazen"]
[Black "Arnelind, Mikael"]
[Result "1/2-1/2"]
[WhiteElo "2347"]
[BlackElo "2231"]
[PlyCount "82"]
[EventDate "2013.??.??"]

1. Nf3 Nf6 2. c4 c5 3. d4 cxd4 4. Nxd4 Nc6 5. Nc3 g6 6. e4 d6 7. Be2 Bg7 8. Be3
Nxd4 9. Bxd4 O-O 10. Rc1 Qa5 11. O-O Be6 12. f4 Rac8 13. b3 Rfe8 14. Kh1 Rcd8
15. Qc2 Bg4 16. Bxf6 Bxe2 17. Bxg7 Bxf1 18. Bd4 Bxc4 19. bxc4 Rc8 20. Nd5 b5
21. c5 dxc5 22. Bxc5 Qa4 23. Qxa4 bxa4 24. Kg1 f6 25. Rc3 Kf7 26. Bb4 e6 27.
Rxc8 Rxc8 28. Nc3 a3 29. Nb5 Rc2 30. Nxa3 Rxa2 31. e5 fxe5 32. fxe5 a5 33. Bd6
a4 34. h4 Ke8 35. Kh2 Kd7 36. Kg3 Rb2 37. Kf3 Ra2 38. g3 Rb2 39. Kf4 Rb3 40.
Nc4 Rc3 41. Na3 Rb3 1/2-1/2

[Event "Elit(LASK-Orgryte)"]
[Site "?"]
[Date "2013.02.03"]
[Round "6"]
[White "Fransson, Percy"]
[Black "Olsson, Linus"]
[Result "1/2-1/2"]
[WhiteElo "2210"]
[BlackElo "2317"]
[PlyCount "140"]
[EventDate "2013.??.??"]

1. e4 c5 2. d3 e6 3. g3 d5 4. Nd2 Nc6 5. Bg2 Nf6 6. Ngf3 Be7 7. O-O b6 8. Re1
Bb7 9. c3 Qc7 10. exd5 Nxd5 11. Nb3 O-O 12. d4 cxd4 13. Nbxd4 Nxd4 14. Nxd4 Bf6
15. Nb5 Qc5 16. Qb3 Bc6 17. c4 Ne7 18. Be3 Qh5 19. Rad1 Bxg2 20. Kxg2 Nf5 21.
Bf4 Qg4 22. Rd3 h5 23. h3 Qg6 24. Red1 e5 25. Be3 e4 26. Rd7 Nxe3+ 27. Qxe3
Bxb2 28. Nc7 Rab8 29. Nd5 Kh8 30. Ne7 Qf6 31. R1d6 Qf3+ 32. Qxf3 exf3+ 33. Kxf3
a6 34. Ra7 a5 35. Rdd7 Rbd8 36. Nd5 Rxd7 37. Rxd7 Rc8 38. Nxb6 Rc6 39. Na4 Ba3
40. Rd3 Bb4 41. Rd4 g6 42. Ke2 Kg7 43. g4 hxg4 44. hxg4 Kf6 45. Kd3 Ke6 46. Nc3
Bxc3 47. Kxc3 Rc5 48. f4 Rc8 49. Rd5 Ra8 50. Kd4 a4 51. Kc3 Rb8 52. Rb5 Rh8 53.
f5+ gxf5 54. gxf5+ Kd6 55. Kb4 Rh4 56. Ra5 Rf4 57. a3 f6 58. Rd5+ Kc6 59. Rc5+
Kb6 60. Ra5 Kb7 61. Rxa4 Rxf5 62. Kc3 Rf1 63. Kd3 Kb6 64. Rb4+ Kc6 65. Rb5 Rf3+
66. Kd4 Rxa3 67. Rf5 Rh3 68. Rxf6+ Kc7 69. Kc5 Rh5+ 70. Kb4 Rg5 1/2-1/2

[Event "Elit(LASK-Orgryte)"]
[Site "?"]
[Date "2013.02.03"]
[Round "6"]
[White "Nilsson, Sebastian"]
[Black "Fransson, Patrick"]
[Result "1-0"]
[WhiteElo "2370"]
[BlackElo "2214"]
[PlyCount "63"]
[EventDate "2013.??.??"]

1. e4 e6 2. d4 d5 3. Nc3 Bb4 4. e5 c5 5. a3 Bxc3+ 6. bxc3 Qc7 7. Qg4 f5 8. Qg3
Nc6 9. Nf3 cxd4 10. cxd4 Nge7 11. Bd2 O-O 12. Bd3 Bd7 13. O-O Ng6 14. h4 Na5
15. Rfb1 Nc4 16. Bb4 Rfe8 17. a4 a6 18. Bd6 Nxd6 19. exd6 Qc8 20. h5 Nh8 21. h6
Ng6 22. Ne5 Bc6 23. Be2 Rf8 24. Bh5 Rf6 25. Bxg6 hxg6 26. Nxg6 Rxg6 27. Qxg6
Qd7 28. Ra3 Rf8 29. Rg3 Rf7 30. a5 Qe8 31. hxg7 Qd7 32. Qh6 1-0

[Event "Elit(Team Viking-Rockaden,Umea)"]
[Site "?"]
[Date "2013.02.03"]
[Round "4"]
[White "Malmstig, Erik"]
[Black "Berg, Emanuel"]
[Result "0-1"]
[WhiteElo "2380"]
[BlackElo "2611"]
[PlyCount "74"]
[SourceDate "2013.02.08"]

1. d4 Nf6 2. c4 g6 3. Nc3 Bg7 4. e4 O-O 5. Nge2 c5 6. d5 d6 7. Ng3 h5 8. Be2 b5
9. cxb5 a6 10. bxa6 Bxa6 11. Bg5 Qb6 12. Qd2 Nbd7 13. O-O Rfb8 14. Rab1 Bxe2
15. Ngxe2 Ne5 16. b3 Qa6 17. Rfd1 Rb4 18. f3 Rab8 19. Qc2 c4 20. Be3 cxb3 21.
Rxb3 Nc4 22. Bf2 Nd7 23. Nd4 Na5 24. Ra3 Rb2 25. Qa4 Qc4 26. Nce2 Rb1 27. Re1
Bxd4 28. Nxd4 R8b4 29. Qxa5 Rxe1+ 30. Bxe1 Qxd4+ 31. Kf1 Qc4+ 32. Kg1 Qd4+ 33.
Kf1 Qc4+ 34. Kg1 Rb1 35. Qd2 Qc5+ 36. Re3 Ne5 37. Qf2 Nd3 0-1

[Event "Elit(Team Viking-Rockaden,Umea)"]
[Site "?"]
[Date "2013.02.03"]
[Round "4"]
[White "Forsberg, Viktor"]
[Black "Agrest, Evgenij"]
[Result "0-1"]
[WhiteElo "2320"]
[BlackElo "2690"]
[PlyCount "94"]

1. e4 c6 2. d4 d5 3. Nc3 dxe4 4. Nxe4 Bf5 5. Ng3 Bg6 6. h4 h6 7. Nf3 Nd7 8. h5
Bh7 9. Bd3 Bxd3 10. Qxd3 e6 11. Bf4 Qa5+ 12. Bd2 Bb4 13. c3 Be7 14. c4 Qc7 15.
O-O-O Ngf6 16. Ne4 Rd8 17. Nxf6+ Nxf6 18. Qe2 b5 19. c5 a5 20. g4 Nd5 21. Rdg1
a4 22. Qe1 b4 23. Kb1 Qb7 24. g5 Qb5 25. gxh6 gxh6 26. Qf1 Qxf1+ 27. Rxf1 Bf6
28. Kc2 Kf8 29. Rhg1 Rb8 30. Kd3 b3 31. a3 Rd8 32. Rg4 Ke7 33. Rfg1 Ra8 34. Bf4
Nxf4+ 35. Rxf4 Rad8 36. Re1 Rhg8 37. Kc4 Rd5 38. Ne5 Bxe5 39. Rxe5 Rd7 40. Kc3
Rg1 41. d5 Rc1+ 42. Kb4 cxd5 43. Kxa4 d4 44. c6 Rxc6 45. Rg4 Rc1 46. Ree4 d3
47. Rd4 Rd5 0-1

[Event "Elit(Team Viking-Rockaden,Umea)"]
[Site "?"]
[Date "2013.02.03"]
[Round "4"]
[White "Degerman, Lars"]
[Black "Engman, Rickard"]
[Result "1-0"]
[WhiteElo "2448"]
[BlackElo "2263"]
[PlyCount "101"]

1. c4 Nf6 2. Nf3 e6 3. g3 a6 4. Bg2 b5 5. O-O Bb7 6. b3 Be7 7. d4 O-O 8. Nc3 b4
9. Na4 d6 10. Bb2 Nbd7 11. Rc1 c5 12. d5 e5 13. Ne1 Ne8 14. e4 g6 15. Nd3 Bf6
16. f4 exf4 17. gxf4 Bxb2 18. Naxb2 Qe7 19. Qd2 Ng7 20. Rce1 f6 21. Nd1 Rae8
22. N1f2 Bc8 23. Re2 g5 24. fxg5 fxg5 25. Rfe1 Ne5 26. Nxe5 Qxe5 27. Nd3 Qd4+
28. Kh1 Bg4 29. Re3 Nh5 30. e5 Bf5 31. Be4 Nf4 32. Bxf5 Rxf5 33. e6 Re7 34. Qc2
Nxd3 35. Qxd3 Qxd3 36. Rxd3 Kg7 37. Kg2 Kf6 38. a3 bxa3 39. Ra1 Rb7 40. Rxa3
Rb6 41. Re3 Ke7 42. Rh3 Re5 43. Rxh7+ Ke8 44. Kf2 Rf5+ 45. Ke2 Rf4 46. Ra7 Rh4
47. R7xa6 Rxh2+ 48. Kf3 Rh3+ 49. Kg4 Rhxb3 50. Rxb6 Rxb6 51. Kxg5 1-0

[Event "Elit(Team Viking-Rockaden,Umea)"]
[Site "?"]
[Date "2013.02.03"]
[Round "4"]
[White "Isaksson, Henrik"]
[Black "Westerberg, Jonathan"]
[Result "0-1"]
[WhiteElo "2133"]
[BlackElo "2424"]
[PlyCount "78"]

1. Nf3 f5 2. g3 Nf6 3. Bg2 d6 4. d4 e6 5. O-O Be7 6. c4 O-O 7. Nc3 a5 8. Qc2
Nc6 9. e4 Nb4 10. Qe2 Nxe4 11. Nxe4 fxe4 12. Qxe4 e5 13. Ne1 exd4 14. Qxd4 Bf6
15. Qd2 c6 16. Nc2 Na6 17. Ne3 Be6 18. Rb1 Bf7 19. Rd1 Bg6 20. Ra1 Nc5 21. Ng4
Re8 22. Nxf6+ Qxf6 23. Qf4 Bc2 24. Qxf6 gxf6 25. Rf1 Nd3 26. b3 a4 27. b4 Nxb4
28. Ba3 Nd3 29. Bxd6 a3 30. Bh3 Ra5 31. c5 Rb5 32. Bf5 Rb2 33. Bxd3 Bxd3 34.
Rfd1 Bc4 35. Rd4 Bd5 36. Bf4 Rxa2 37. Rad1 Rb2 38. Bc1 Rb1 39. f4 a2 0-1

[Event "Elit(Team Viking-Rockaden,Umea)"]
[Site "?"]
[Date "2013.02.03"]
[Round "4"]
[White "Cramling, Dan"]
[Black "Hammar, Ulf"]
[Result "1-0"]
[WhiteElo "2392"]
[BlackElo "2222"]
[PlyCount "95"]

1. Nf3 d5 2. d4 c6 3. c4 Nf6 4. Nc3 dxc4 5. a4 Bf5 6. Nh4 e6 7. Nxf5 exf5 8. e3
Bb4 9. Bxc4 O-O 10. O-O Nbd7 11. Qc2 g6 12. f3 Rc8 13. Qf2 c5 14. Ba2 Re8 15.
Kh1 Nb6 16. a5 Bxa5 17. dxc5 Rxc5 18. e4 Bb4 19. Bg5 Rc6 20. exf5 Bxc3 21. bxc3
Qd3 22. fxg6 hxg6 23. Qh4 Nfd5 24. Rad1 Qa6 25. Bxd5 Nxd5 26. Qd4 Nc7 27. Bh6
Ne6 28. Qf6 Rd6 29. Ra1 Qb5 30. Rfe1 Qf5 31. Qxf5 gxf5 32. Rxa7 Red8 33. Rxb7
f4 34. h3 Kh7 35. Bxf4 Rc6 36. Be5 Kg6 37. Re3 f6 38. Bg3 f5 39. Be5 f4 40. Re1
Rd5 41. Kh2 Rd2 42. Rb4 Kf5 43. Rb5 Ng5 44. Kh1 Rc4 45. Bd4+ Kg6 46. Rb6+ Kh5
47. Re5 Ra4 48. h4 1-0

[Event "Elit(Team Viking-Rockaden,Umea)"]
[Site "?"]
[Date "2013.02.03"]
[Round "4"]
[White "Nygren, David"]
[Black "Bergstrom, Peter"]
[Result "1/2-1/2"]
[WhiteElo "2229"]
[BlackElo "2353"]
[PlyCount "74"]

1. d4 d5 2. c4 c6 3. Nf3 Nf6 4. Nc3 dxc4 5. a4 Bf5 6. Ne5 Nbd7 7. Nxc4 Nb6 8.
Ne5 a5 9. g3 e6 10. Bg2 Bb4 11. O-O O-O 12. e3 h6 13. Qe2 Nfd7 14. Nxd7 Nxd7
15. e4 Bg6 16. Be3 Nf6 17. f3 Nd7 18. Rfd1 Qe7 19. Qf2 Rfe8 20. g4 Rac8 21. Bf1
f6 22. Bc4 Bf7 23. Na2 Bd6 24. f4 Bc7 25. Nc3 e5 26. Bxf7+ Qxf7 27. fxe5 fxe5
28. Qxf7+ Kxf7 29. d5 Bb6 30. Bxb6 Nxb6 31. dxc6 bxc6 32. Rd6 Re6 33. Rad1 Rxd6
34. Rxd6 Ke7 35. Rg6 Kf7 36. Rd6 Ke7 37. Rg6 Kf7 1/2-1/2

[Event "Elit(Rockaden,Sthlm-Burgsvik)"]
[Site "?"]
[Date "2013.02.03"]
[Round "4"]
[White "Fries Nielsen, Niels J"]
[Black "Nielsen, Peter Heine"]
[Result "0-1"]
[WhiteElo "2398"]
[BlackElo "2706"]
[PlyCount "136"]

1. Nf3 c5 2. d3 Nc6 3. Nbd2 g6 4. c3 Bg7 5. e4 Nf6 6. Be2 O-O 7. O-O d5 8. Re1
e5 9. a3 Qc7 10. Qc2 a5 11. a4 h6 12. Nb1 c4 13. exd5 cxd3 14. Bxd3 Nxd5 15.
Na3 Be6 16. Nb5 Qd7 17. Bc4 Rfd8 18. Qe2 Rac8 19. Be3 e4 20. Bxd5 Bxd5 21. Nfd4
Ne5 22. b3 b6 23. Red1 Bb7 24. Na7 Rxc3 25. Ndc6 Nd3 26. Nxd8 Qxd8 27. Nb5 Rxb3
28. Rab1 Rb4 29. Qc2 Bd5 30. Qc7 Qxc7 31. Nxc7 Bb3 32. Na6 Bxd1 33. Nxb4 Bxa4
34. Nxd3 exd3 35. Rxb6 Bc3 36. Rd6 Bc2 37. Bd4 Bxd4 38. Rxd4 a4 39. Kf1 a3 40.
Ke1 a2 41. Rd8+ Kg7 42. Ra8 Bb3 43. Kd2 Bc4 44. Kc3 Kf6 45. f3 h5 46. g3 g5 47.
Kd2 g4 48. f4 Kf5 49. Ke3 Ke6 50. Ra5 Kd6 51. Kd2 Kc6 52. Kc3 Kb6 53. Ra3 Kc5
54. Ra5+ Kc6 55. Kd2 Kb6 56. Ra3 Kc5 57. Kc3 Kd5 58. Ra5+ Ke4 59. Re5+ Kf3 60.
Re1 Be6 61. Kxd3 Kg2 62. Ke4 Kxh2 63. f5 Bb3 64. Kf4 f6 65. Rc1 Kg2 66. Ra1 Kf2
67. Rc1 Ke2 68. Ke4 Kd2 0-1

[Event "Elit(Rockaden,Sthlm-Burgsvik)"]
[Site "?"]
[Date "2013.02.03"]
[Round "4"]
[White "Barkhagen, Jonas"]
[Black "Krupenski, Juri"]
[Result "0-1"]
[WhiteElo "2501"]
[BlackElo "2317"]
[PlyCount "70"]

1. d4 Nf6 2. c4 e6 3. Nf3 b6 4. e3 Bb7 5. Bd3 d5 6. cxd5 exd5 7. O-O Bd6 8. b3
O-O 9. Bb2 Nbd7 10. Ne5 Qe7 11. f4 Ne4 12. Nc3 Nxc3 13. Bxc3 Nf6 14. Rf3 Ne4
15. Rh3 Bc8 16. Bxe4 dxe4 17. Rg3 f6 18. Nc4 Rd8 19. Nxd6 Qxd6 20. Qh5 Qd5 21.
f5 Bxf5 22. Rf1 Bg6 23. Qe2 a5 24. h4 Kh8 25. Rh3 h5 26. g4 hxg4 27. Qxg4 Bh5
28. Qf4 Ra7 29. Rg3 a4 30. b4 Bf3 31. Rf2 b5 32. h5 Ra6 33. Rg6 Kg8 34. Rh2 Re6
35. Bd2 Qxa2 0-1

[Event "Elit(Rockaden,Sthlm-Burgsvik)"]
[Site "?"]
[Date "2013.02.03"]
[Round "4"]
[White "Fries Nielsen, Jens Ove"]
[Black "Blomqvist, Erik"]
[Result "0-1"]
[WhiteElo "2454"]
[BlackElo "2564"]
[PlyCount "76"]
[EventDate "2013.??.??"]

1. d4 d5 2. Bf4 Nf6 3. Nc3 c6 4. f3 Bf5 5. g4 Bg6 6. h4 h5 7. g5 Nfd7 8. e4
dxe4 9. fxe4 Qa5 10. e5 e6 11. a3 Qb6 12. Rb1 Be7 13. Bd3 Qxd4 14. Nge2 Qb6 15.
Bxg6 fxg6 16. Qd3 Nf8 17. b4 Nbd7 18. Ne4 Rd8 19. Qb3 c5 20. Rf1 Qc6 21. Qf3
Nh7 22. b5 Qb6 23. Nd6+ Bxd6 24. exd6 O-O 25. Qe4 e5 26. Qd5+ Kh8 27. Be3 Qa5+
28. c3 Qxa3 29. Rxf8+ Nhxf8 30. Kf2 Qa4 31. c4 Nb6 32. Qxc5 Nfd7 33. Qb4 Qc2
34. Rc1 Qe4 35. Qb3 Qxh4+ 36. Kg2 Qg4+ 37. Ng3 Rf8 38. Bf2 Rxf2+ 0-1